[Event "12. Süder Sommerpokal"]
[Site "Recklinghausen"]
[Date "2001.08.04"]
[Round "1"]
[White "Hellbing, Bernd"]
[Black "Dresen, Ulrich"]
[Result "0-1"]
[WhiteElo "1756"]
[BlackElo "2233"]
[PlyCount "84"]
[EventDate "2001.08.04"]

1. c4 Nf6 2. g3 c5 3. Bg2 d5 4. cxd5 Nxd5 5. Nc3 Nc7 6. Nf3 Nc6 7. O-O e5 8. d3
Be7 9. Be3 O-O 10. Qd2 b6 11. Rad1 Rb8 12. a4 Bb7 13. Nb5 Nd5 14. Na3 Re8 15.
Nc4 Bf8 16. Bh3 Bc8 17. Bxc8 Rxc8 18. Nh4 Qd7 19. Ng2 Nd4 20. Bxd4 exd4 21. Ra1
Rc6 22. e4 dxe3 23. fxe3 g6 24. Nf4 Rc7 25. Nxd5 Qxd5 26. e4 Qh5 27. Qd1 Qxd1
28. Raxd1 Bh6 29. Rf3 Rd7 30. Rff1 Bg7 31. b3 Red8 32. Rf3 Rd4 33. Rdf1 R8d7
34. Rd1 f6 35. Kf1 Rxe4 36. dxe4 Rxd1+ 37. Ke2 Rd4 38. Nd2 Bh6 39. Rd3 Rxd3 40.
Kxd3 Bxd2 41. Kxd2 a6 42. Kc3 b5 0-1

[Event "12. Süder Sommerpokal"]
[Site "Recklinghausen"]
[Date "2001.08.04"]
[Round "1"]
[White "Frohne, Gerd"]
[Black "Becker, Peter"]
[Result "1-0"]
[WhiteElo "2233"]
[BlackElo "1730"]
[PlyCount "71"]
[EventDate "2001.08.04"]

1. d4 d5 2. c4 e6 3. Nc3 Nf6 4. cxd5 exd5 5. Bg5 Be7 6. e3 c6 7. Qc2 Nbd7 8.
Bd3 O-O 9. Nge2 h6 10. Bh4 Re8 11. f3 Nf8 12. O-O Bd7 13. e4 g5 14. Be1 c5 15.
e5 c4 16. exf6 cxd3 17. fxe7 dxc2 18. exd8=Q Raxd8 19. Ng3 Be6 20. Rc1 f5 21.
Rxc2 f4 22. Nge2 Bf5 23. Rd2 Rd6 24. Bf2 Nd7 25. g3 fxg3 26. Bxg3 Rde6 27. Kf2
Nb6 28. b3 g4 29. Be5 gxf3 30. Nf4 Rc6 31. Ncxd5 Nxd5 32. Nxd5 Kf7 33. Kxf3 Rd8
34. Ke3 Rxd5 35. Rxf5+ Ke7 36. Ke4 1-0

[Event "12. Süder Sommerpokal"]
[Site "Recklinghausen"]
[Date "2001.08.04"]
[Round "1"]
[White "Grofig, Patrick"]
[Black "Michalczak, Thomas"]
[Result "0-1"]
[WhiteElo "1719"]
[BlackElo "2232"]
[PlyCount "82"]
[EventDate "2001.08.04"]

1. Nf3 c5 2. c4 g6 3. Nc3 Bg7 4. g3 Nc6 5. Bg2 d6 6. d3 Nh6 7. Bf4 Nf5 8. O-O
Qd7 9. Qd2 h5 10. h4 b6 11. a3 Bb7 12. Bh3 e6 13. Rad1 Ne5 14. Bxe5 dxe5 15. e4
Nd4 16. Nxd4 Qxd4 17. Ne2 Qd6 18. Qc2 O-O 19. Rfe1 Bh6 20. Bf1 Bc6 21. Nc3 Kh7
22. Be2 a6 23. a4 Rad8 24. b3 Rd7 25. Kg2 f5 26. f3 Rdf7 27. Rf1 Qe7 28. Rh1 f4
29. Rh3 fxg3 30. Rdh1 Rf4 31. Bd1 Bg7 32. Kxg3 Bf6 33. Qg2 Bg7 34. Qc2 Qd8 35.
Kg2 Bf6 36. Kg3 Kg8 37. R1h2 Bxh4+ 38. Rxh4 Qg5+ 39. Rg4 hxg4 40. fxg4 Rf3+ 41.
Bxf3 Qf4+ 0-1

[Event "12. Süder Sommerpokal"]
[Site "Recklinghausen"]
[Date "2001.08.04"]
[Round "1"]
[White "Hilmer, Frank"]
[Black "Bettendorf, Heinz"]
[Result "1/2-1/2"]
[WhiteElo "2216"]
[BlackElo "1712"]
[PlyCount "72"]
[EventDate "2001.08.04"]

1. d4 d5 2. c4 e6 3. Nc3 Nf6 4. Bg5 Be7 5. e3 c6 6. Nf3 Nbd7 7. Rc1 O-O 8. Bd3
b6 9. O-O h6 10. Bf4 Bb7 11. cxd5 exd5 12. h3 Re8 13. a3 Bf8 14. b4 a5 15. Qb3
axb4 16. axb4 Qe7 17. Rb1 Ne4 18. Bxe4 dxe4 19. Nd2 Nf6 20. Nc4 Qd8 21. Ne5 Nd5
22. Nxd5 cxd5 23. f3 Bd6 24. Ng4 Bxf4 25. exf4 exf3 26. Rxf3 Re2 27. Rg3 Qd6
28. Qf3 Raa2 29. f5 h5 30. Ne5 Qh6 31. f6 g6 32. Rxg6+ fxg6 33. f7+ Kh7 34.
f8=Q Rxg2+ 35. Kh1 Rh2+ 36. Kg1 Rhg2+ 1/2-1/2

[Event "12. Süder Sommerpokal"]
[Site "Recklinghausen"]
[Date "2001.08.04"]
[Round "1"]
[White "Kiefer, Johannes"]
[Black "Wicht, Jürgen"]
[Result "0-1"]
[WhiteElo "1704"]
[BlackElo "2197"]
[PlyCount "66"]
[EventDate "2001.08.04"]

1. c4 g6 2. Nc3 Bg7 3. e4 d6 4. d3 Nf6 5. h3 e5 6. g3 c6 7. Bg2 O-O 8. Nge2
Nbd7 9. O-O Nc5 10. b4 Ne6 11. Be3 Nd7 12. Rc1 f5 13. exf5 gxf5 14. f4 Qe8 15.
b5 Nf6 16. bxc6 bxc6 17. fxe5 dxe5 18. Rxf5 Nf4 19. Rxf4 exf4 20. Bxf4 Nh5 21.
Bd6 Qe3+ 22. Kh2 Rf2 23. Bc5 Qxc5 24. Ne4 Rxg2+ 25. Kxg2 Qe3 26. g4 Nf6 27.
Nxf6+ Bxf6 28. d4 Qe4+ 29. Kh2 Rb8 30. Rc2 Be6 31. c5 Bd5 32. Nc3 Qf4+ 33. Kg1
Bxd4+ 0-1

[Event "12. Süder Sommerpokal"]
[Site "Recklinghausen"]
[Date "2001.08.04"]
[Round "1"]
[White "Bramkamp, Rainer"]
[Black "Beyer, Thomas"]
[Result "1/2-1/2"]
[WhiteElo "2191"]
[BlackElo "1682"]
[PlyCount "24"]
[EventDate "2001.08.04"]

1. e4 c6 2. d4 d6 3. Nf3 Nd7 4. Bd3 g6 5. O-O Bg7 6. Qe2 e5 7. c3 Ngf6 8. a4
O-O 9. Na3 Qc7 10. dxe5 dxe5 11. Re1 Nh5 12. g3 Nc5 1/2-1/2

[Event "12. Süder Sommerpokal"]
[Site "Recklinghausen"]
[Date "2001.08.04"]
[Round "1"]
[White "Samisch, Romuald"]
[Black "Spieß, Timo"]
[Result "1/2-1/2"]
[WhiteElo "1677"]
[BlackElo "2181"]
[PlyCount "49"]
[EventDate "2001.08.04"]

1. Nf3 Nf6 2. g3 g6 3. Bg2 Bg7 4. c4 O-O 5. Nc3 d6 6. Rb1 e5 7. d3 Nc6 8. O-O
a5 9. a3 Nh5 10. b4 axb4 11. axb4 f5 12. Bg5 Ne7 13. Nd5 Nf6 14. Nxf6+ Bxf6 15.
Bxf6 Rxf6 16. Qb3 Rb8 17. b5 b6 18. e3 h6 19. d4 e4 20. Nd2 Kh7 21. f3 exf3 22.
Bxf3 Rf8 23. Rbc1 Ng8 24. c5 Nf6 25. Rc2 1/2-1/2

[Event "12. Süder Sommerpokal"]
[Site "Recklinghausen"]
[Date "2001.08.04"]
[Round "1"]
[White "Sondermann, Dirk"]
[Black "Ünlü, Murat"]
[Result "1-0"]
[WhiteElo "2171"]
[BlackElo "1672"]
[PlyCount "41"]
[EventDate "2001.08.04"]

1. d4 c5 2. d5 g6 3. c4 Bg7 4. Nf3 d6 5. Nc3 e5 6. e4 Ne7 7. Be2 O-O 8. O-O a6
9. a3 f6 10. Rb1 Nd7 11. b4 f5 12. Ng5 Nf6 13. bxc5 dxc5 14. Bf3 Ne8 15. Na4
Qd6 16. Rb6 Qd8 17. Ne6 Bxe6 18. dxe6 f4 19. Qxd8 Rxd8 20. Rxb7 Nc6 21. e7 1-0

[Event "12. Süder Sommerpokal"]
[Site "Recklinghausen"]
[Date "2001.08.04"]
[Round "1"]
[White "Denig, Friedrich"]
[Black "Pusch, Hermann"]
[Result "0-1"]
[WhiteElo "1664"]
[BlackElo "2169"]
[PlyCount "62"]
[EventDate "2001.08.04"]

1. d4 Nf6 2. Nf3 g6 3. c4 Bg7 4. Nc3 d5 5. cxd5 Nxd5 6. e4 Nxc3 7. bxc3 c5 8.
Bb5+ Bd7 9. Bxd7+ Qxd7 10. O-O O-O 11. Be3 Nc6 12. d5 Na5 13. Bxc5 Bxc3 14. Rc1
Bg7 15. Bb4 b6 16. Bxa5 bxa5 17. Nd4 Rac8 18. Nc6 e6 19. Qb3 Rfe8 20. Rfd1 exd5
21. exd5 Bh6 22. Rc2 Re4 23. Qh3 Rce8 24. f3 Be3+ 25. Kf1 R4e6 26. Qg4 Qd6 27.
g3 Bb6 28. Qf4 Qd7 29. Nb8 Qb5+ 30. Qc4 Qxc4+ 31. Rxc4 Re2 0-1

[Event "12. Süder Sommerpokal"]
[Site "Recklinghausen"]
[Date "2001.08.04"]
[Round "1"]
[White "Ciornei, Dragos"]
[Black "Westermann, Bernhard"]
[Result "1-0"]
[WhiteElo "2168"]
[BlackElo "1650"]
[PlyCount "55"]
[EventDate "2001.08.04"]

1. e4 c6 2. d4 d5 3. Nc3 dxe4 4. Nxe4 Bf5 5. Ng3 Bg6 6. Bc4 Nf6 7. N1e2 e6 8.
O-O Bd6 9. f4 Qd7 10. Bd3 O-O 11. f5 Bxg3 12. fxg6 Bxh2+ 13. Kxh2 fxg6 14. Kg1
Qd5 15. c3 Qh5 16. Qb3 Nbd7 17. Nf4 Qh4 18. Nxe6 Ng4 19. Nxf8+ Kh8 20. Bf4 Rxf8
21. Bd6 Rf2 22. Qe6 Ndf6 23. Rae1 Rxf1+ 24. Rxf1 h6 25. Bxg6 Qg5 26. Qe8+ Ng8
27. Qxg8+ Kxg8 28. Rf8# 1-0

[Event "12. Süder Sommerpokal"]
[Site "Recklinghausen"]
[Date "2001.08.04"]
[Round "1"]
[White "Nebel, Rudi"]
[Black "Konietzka, Lutz"]
[Result "0-1"]
[WhiteElo "1640"]
[BlackElo "2160"]
[PlyCount "94"]
[EventDate "2001.08.04"]

1. d4 Nf6 2. c4 c5 3. d5 d6 4. Nc3 g6 5. e4 Bg7 6. Be2 O-O 7. Nf3 e6 8. O-O
exd5 9. exd5 Bf5 10. Bd2 Ne4 11. Rc1 Nd7 12. Nxe4 Bxe4 13. Bc3 Bxf3 14. Bxf3
Bxc3 15. Rxc3 Qa5 16. Qc2 Rfe8 17. b3 Re7 18. h3 Rae8 19. Bg4 Nf6 20. Bd1 Ne4
21. Re3 Nd2 22. Rfe1 Rxe3 23. Rxe3 Rxe3 24. fxe3 f5 25. g4 Ne4 26. Qe2 fxg4 27.
hxg4 Qd2 28. Qxd2 Nxd2 29. Bc2 Nf3+ 30. Kf2 Ne5 31. Kg3 Kg7 32. g5 h6 33. gxh6+
Kxh6 34. Be4 Kg5 35. Bc2 Kf6 36. Bb1 g5 37. Bc2 Ke7 38. Bf5 Kd8 39. Bc2 Kc7 40.
a3 Kb6 41. Kf2 Ka5 42. Ke2 a6 43. Kd2 b5 44. Kc3 bxc4 45. bxc4 g4 46. Kb3 g3
47. Be4 Ng4 0-1

[Event "12. Süder Sommerpokal"]
[Site "Recklinghausen"]
[Date "2001.08.04"]
[Round "1"]
[White "Jungbluth, Rolf"]
[Black "Thimm, Gerd"]
[Result "1-0"]
[WhiteElo "2156"]
[BlackElo "1634"]
[PlyCount "85"]
[EventDate "2001.08.04"]

1. c4 e6 2. Nc3 d5 3. d4 Be7 4. Nf3 Nf6 5. Bg5 h6 6. Bf4 c6 7. e3 Nbd7 8. Bd3
O-O 9. h3 dxc4 10. Bxc4 b5 11. Bd3 a6 12. O-O Bb7 13. Rc1 c5 14. Bh2 Qb6 15.
dxc5 Nxc5 16. Bb1 Rfd8 17. Qe2 b4 18. Nd1 a5 19. Ne5 Qa6 20. Qxa6 Rxa6 21. f3
Ne8 22. Nf2 Na4 23. Bd3 Rad6 24. Bb5 Nb6 25. Bxe8 Rxe8 26. Rc7 Ba6 27. Nc6 Rxc6
28. Rxc6 Bxf1 29. Rxb6 Be2 30. Ne4 a4 31. Bd6 Bxd6 32. Nxd6 Rd8 33. e4 Bd3 34.
e5 a3 35. bxa3 bxa3 36. Rb3 Bc2 37. Rxa3 Rd7 38. Rc3 Bg6 39. Kf2 f6 40. f4 Kf8
41. Ke3 Ke7 42. a4 Ra7 43. Nc8+ 1-0

[Event "12. Süder Sommerpokal"]
[Site "Recklinghausen"]
[Date "2001.08.04"]
[Round "1"]
[White "Oberste, Norbert"]
[Black "Rebber, Christian"]
[Result "0-1"]
[WhiteElo "1624"]
[BlackElo "2154"]
[PlyCount "116"]
[EventDate "2001.08.04"]

1. f4 c5 2. e3 d6 3. d4 cxd4 4. exd4 Nf6 5. Bd3 g6 6. Nf3 Bg7 7. O-O O-O 8.
Nbd2 Nc6 9. c3 Re8 10. Ne4 d5 11. Ng3 Qb6 12. Kh1 a5 13. Ne5 e6 14. Qa4 Bd7 15.
Nxd7 Nxd7 16. Qb5 a4 17. Qxb6 Nxb6 18. Bd2 Na5 19. Rae1 Nbc4 20. Bc1 b5 21. Rf2
Reb8 22. h4 h5 23. f5 exf5 24. Nxf5 gxf5 25. Rxf5 Re8 26. Ref1 Rad8 27. Rxh5
Re6 28. Bh7+ Kf8 29. Rhf5 Rd7 30. h5 Ne3 31. Bxe3 Rxe3 32. Bg6 f6 33. g4 Kg8
34. g5 fxg5 35. Bf7+ Rxf7 36. Rxf7 Nc4 37. R1f2 Nd6 38. Rd7 Ne4 39. Rh2 Nf6 40.
Rd8+ Kh7 41. h6 Bxh6 42. Rb8 a3 43. Rxb5 axb2 44. Rbxb2 Rxc3 45. Rb6 Rf3 46.
Kg2 g4 47. Rh4 Rf4 48. Rb4 Kg6 49. a4 Bf8 50. Rb8 Bd6 51. Rd8 Be7 52. Ra8 Rxd4
53. a5 Rd2+ 54. Kf1 Kg5 55. Rhh8 g3 56. Rac8 Ra2 57. Rc7 Bd6 58. Rc6 Be5 0-1

[Event "12. Süder Sommerpokal"]
[Site "Recklinghausen"]
[Date "2001.08.04"]
[Round "1"]
[White "Goralski, Christian"]
[Black "Schreck, Peter"]
[Result "1-0"]
[WhiteElo "2149"]
[BlackElo "1621"]
[PlyCount "49"]
[EventDate "2001.08.04"]

1. e4 d5 2. exd5 Nf6 3. d4 Nxd5 4. c4 Nb4 5. a3 N4c6 6. Be3 g6 7. Nc3 Bg7 8. d5
Ne5 9. Be2 O-O 10. Nf3 Bg4 11. Nxe5 Bxe2 12. Qxe2 Bxe5 13. h4 Nd7 14. h5 Nf6
15. Bh6 Bxc3+ 16. bxc3 Re8 17. hxg6 fxg6 18. Qe6+ Kh8 19. Kf1 Qd7 20. Qf7 Rg8
21. Re1 Rae8 22. Bg5 Nh5 23. Rxh5 gxh5 24. Rxe7 Rxe7 25. Bf6+ 1-0

[Event "12. Süder Sommerpokal"]
[Site "Recklinghausen"]
[Date "2001.08.04"]
[Round "1"]
[White "Fuhrmann, Marc Andre"]
[Black "Goihl, Mona"]
[Result "1-0"]
[WhiteElo "1616"]
[BlackElo "2134"]
[PlyCount "91"]
[EventDate "2001.08.04"]

1. d4 Nf6 2. Nf3 g6 3. g3 Bg7 4. Bg2 d5 5. O-O O-O 6. c4 c6 7. cxd5 Nxd5 8. e4
Nb6 9. Nc3 Bg4 10. Be3 Qc8 11. Qc2 Rd8 12. Rfd1 Na6 13. Rac1 h6 14. a3 Nc4 15.
Na4 b5 16. Nc3 Rb8 17. a4 Nxe3 18. fxe3 Qe6 19. e5 Nb4 20. Qf2 bxa4 21. Nxa4
Bf5 22. Nc5 Qc8 23. Nh4 Be6 24. e4 Rb5 25. Nxe6 Qxe6 26. Bf1 Rf8 27. Bc4 Qg4
28. Bxb5 cxb5 29. Qf3 Qe6 30. Qa3 Na6 31. d5 Qb6+ 32. Kg2 b4 33. Qd3 Nc5 34.
Qc4 Nd7 35. Qc6 Qd8 36. e6 Ne5 37. exf7+ Rxf7 38. Qc8 Qxc8 39. Rxc8+ Kh7 40.
Rf1 Rxf1 41. Kxf1 Ng4 42. b3 Nf6 43. Rc4 a5 44. Ke2 Ne8 45. Kd3 Nf6 46. Rc7 1-0

[Event "12. Süder Sommerpokal"]
[Site "Recklinghausen"]
[Date "2001.08.04"]
[Round "1"]
[White "Klueting, Reiner"]
[Black "Diebig, Maja"]
[Result "1/2-1/2"]
[WhiteElo "2131"]
[BlackElo "1612"]
[PlyCount "83"]
[EventDate "2001.08.04"]

1. e4 c5 2. Nf3 e6 3. d4 cxd4 4. c3 Nf6 5. e5 Nd5 6. Bc4 Nb6 7. Bb3 d6 8. O-O
Be7 9. cxd4 O-O 10. Nc3 Bd7 11. exd6 Bxd6 12. Ng5 h6 13. Nge4 Be7 14. Qh5 Kh7
15. Rd1 Bc6 16. d5 Nxd5 17. Nxd5 Bxd5 18. Nc3 Na6 19. Nxd5 exd5 20. Bxd5 Qb6
21. Be4+ Kg8 22. Qf5 g6 23. Qh3 h5 24. Bh6 Rfd8 25. Qf3 Rxd1+ 26. Rxd1 Rd8 27.
Rxd8+ Qxd8 28. Bxb7 Nc7 29. g3 Ne8 30. Be3 a5 31. Bd5 Nf6 32. Bb3 Qe8 33. Bg5
Kg7 34. Qc3 Qb5 35. h4 Qf5 36. Bc2 Qh3 37. Be4 Qe6 38. Bg2 Qxa2 39. b3 Qb1+ 40.
Bf1 Qf5 41. Bd3 Qf3 42. Bxf6+ 1/2-1/2

[Event "12. Süder Sommerpokal"]
[Site "Recklinghausen"]
[Date "2001.08.04"]
[Round "1"]
[White "Stein, Daniel"]
[Black "Müller, Herbert"]
[Result "0-1"]
[WhiteElo "1601"]
[BlackElo "2121"]
[PlyCount "50"]
[EventDate "2001.08.04"]

1. d4 b6 2. c4 e6 3. Nc3 Bb4 4. f3 f5 5. Bf4 Nf6 6. a3 Bxc3+ 7. bxc3 Bb7 8. Bg3
O-O 9. e3 d6 10. Qc2 Qe8 11. Bd3 Nc6 12. Qa4 Ne5 13. Qxe8 Nxd3+ 14. Kd2 Raxe8
15. Kxd3 e5 16. Re1 e4+ 17. Kc2 exf3 18. gxf3 Ne4 19. d5 Nc5 20. Nh3 Ba6 21.
Nf4 Bxc4 22. h4 Rf7 23. h5 Rfe7 24. Bf2 Re5 25. Rd1 Bb3+ 0-1

[Event "12. Süder Sommerpokal"]
[Site "Recklinghausen"]
[Date "2001.08.04"]
[Round "1"]
[White "Kloß, Detlev"]
[Black "Bembennek, Ralf"]
[Result "1-0"]
[WhiteElo "2119"]
[BlackElo "1590"]
[PlyCount "79"]
[EventDate "2001.08.04"]

1. d4 d5 2. Nf3 Nf6 3. g3 e6 4. Bg2 c5 5. O-O Be7 6. c4 O-O 7. cxd5 Nxd5 8.
dxc5 Bxc5 9. Qc2 Be7 10. Rd1 Qb6 11. a3 Nc6 12. e4 Nf6 13. Nc3 e5 14. Be3 Qc7
15. Nd5 Qb8 16. Nxe7+ Nxe7 17. Qa4 b5 18. Qc2 Bb7 19. Qc5 Ng6 20. Nd2 a6 21. h3
Rc8 22. Qb4 Rc2 23. Rac1 Qc7 24. Nf1 Rc8 25. Rxc2 Qxc2 26. Rc1 Qd3 27. Rxc8+
Bxc8 28. Qc5 Bb7 29. f3 Qc4 30. Qa7 Qc7 31. Nd2 Ne7 32. Nb3 Nc6 33. Qc5 Qd7 34.
Qc3 Qd1+ 35. Kh2 Qd7 36. Nc5 Qc7 37. f4 exf4 38. Bxf4 Qe7 39. Nxb7 Qxb7 40. e5
1-0

[Event "12. Süder Sommerpokal"]
[Site "Recklinghausen"]
[Date "2001.08.04"]
[Round "1"]
[White "Lietz, Werner"]
[Black "Banik, Thorsten"]
[Result "0-1"]
[WhiteElo "1587"]
[BlackElo "2117"]
[PlyCount "98"]
[EventDate "2001.08.04"]

1. e4 c5 2. Nf3 d6 3. Nc3 Nf6 4. Be2 e5 5. O-O Be7 6. Ne1 O-O 7. f4 Nc6 8. fxe5
dxe5 9. Nf3 a6 10. d3 Qc7 11. Nd5 Nxd5 12. exd5 Nd4 13. c4 Nxe2+ 14. Qxe2 Bd6
15. Ng5 f5 16. h4 Qe7 17. Bd2 Bd7 18. Rae1 Rae8 19. Qh5 g6 20. Qh6 Qg7 21.
Qxg7+ Kxg7 22. Bc3 Re7 23. Re2 Rfe8 24. g3 Kg8 25. Kg2 h6 26. Nh3 b5 27. b3 e4
28. d4 bxc4 29. bxc4 Rc8 30. dxc5 Bxc5 31. Nf4 Kh7 32. Bf6 Rf7 33. Ba1 Ba3 34.
d6 Bxd6 35. Nd5 Be7 36. Rxe4 Bc6 37. Kh3 Bxd5 38. cxd5 Bf6 39. Re6 Bxa1 40.
Rxa1 Rc2 41. Rae1 Rxa2 42. d6 Rd2 43. Re7 Kg7 44. R1e6 g5 45. hxg5 hxg5 46. Rc7
a5 47. Ree7 g4+ 48. Kh4 Kg6 49. Re6+ Rf6 0-1

[Event "12. Süder Sommerpokal"]
[Site "Recklinghausen"]
[Date "2001.08.04"]
[Round "1"]
[White "Busch, Christian"]
[Black "Lautenschütz, Ludger"]
[Result "1-0"]
[WhiteElo "2112"]
[BlackElo "1582"]
[PlyCount "69"]
[EventDate "2001.08.04"]

1. d4 e6 2. Nf3 d5 3. c4 c6 4. Nc3 Nf6 5. Bg5 Nbd7 6. e3 Be7 7. a3 O-O 8. Qc2
h6 9. Bh4 Re8 10. Be2 b6 11. b4 Bb7 12. O-O Rc8 13. c5 bxc5 14. bxc5 Nxc5 15.
dxc5 Bxc5 16. Na4 Be7 17. Nc5 Ba8 18. Rfc1 Nd7 19. Bxe7 Rxe7 20. Rab1 Rb8 21.
Nxd7 Rxd7 22. Ne5 Rc7 23. Qc5 Rxb1 24. Rxb1 Qc8 25. h3 f6 26. Ng6 Qd8 27. Nf4
Qc8 28. Ng6 Qd8 29. Ba6 Qe8 30. Nf4 e5 31. Nxd5 Rd7 32. Nc3 Qd8 33. Qc4+ Kh8
34. Qb4 Qe8 35. Qb8 1-0

[Event "12. Süder Sommerpokal"]
[Site "Recklinghausen"]
[Date "2001.08.04"]
[Round "1"]
[White "Zhang, Fan"]
[Black "Schreck, Roland"]
[Result "0-1"]
[WhiteElo "1567"]
[BlackElo "2109"]
[PlyCount "90"]
[EventDate "2001.08.04"]

1. d4 Nf6 2. c4 c5 3. d5 e6 4. Nc3 exd5 5. Nxd5 Nxd5 6. Qxd5 d6 7. Nf3 Nc6 8.
a3 Be6 9. Qe4 Be7 10. Bf4 Qa5+ 11. Nd2 O-O-O 12. e3 Bf6 13. O-O-O g6 14. Qc2
Be5 15. Bg5 f6 16. Bh4 g5 17. Bg3 f5 18. Nf3 h6 19. Bd3 Rhf8 20. Nxe5 dxe5 21.
f3 Qa6 22. Kb1 f4 23. Bf2 fxe3 24. Bxe3 Nd4 25. Qc3 Bd7 26. Bf2 g4 27. Bh4 Rde8
28. fxg4 Bxg4 29. Rde1 Bf5 30. Bxf5+ Rxf5 31. Rhf1 Rxf1 32. Rxf1 Qg6+ 33. Ka2
Qxg2 34. Rf2 Qg4 35. Bg3 Qe6 36. b3 Qe7 37. Qe3 h5 38. Qe4 Qd7 39. Rf1 Qg4 40.
Qxg4+ hxg4 41. Re1 e4 42. Bf4 Re6 43. Kb2 Kd7 44. Kc3 Rf6 45. Rxe4 Rxf4 0-1

[Event "12. Süder Sommerpokal"]
[Site "Recklinghausen"]
[Date "2001.08.04"]
[Round "1"]
[White "Parado, Dominado"]
[Black "Sprewitz, Ingo"]
[Result "1-0"]
[WhiteElo "2107"]
[BlackElo "1562"]
[PlyCount "83"]
[EventDate "2001.08.04"]

1. d4 Nf6 2. c4 e6 3. Nf3 d5 4. g3 c6 5. Bg2 Bb4+ 6. Bd2 Qa5 7. O-O O-O 8. c5
Nbd7 9. Bf4 Qd8 10. Bg5 Re8 11. Ne5 Ba5 12. f4 h6 13. Bh4 Qc7 14. a3 Qb8 15. b4
Bd8 16. Nc3 Nh7 17. Bxd8 Rxd8 18. b5 Nxe5 19. fxe5 Qc7 20. e3 Qe7 21. Rb1 Bd7
22. a4 Rf8 23. Qh5 Be8 24. Qe2 a6 25. bxc6 Bxc6 26. e4 Rad8 27. exd5 exd5 28.
Qa2 Qe6 29. Ne2 Qd7 30. Nf4 Ng5 31. Rbe1 Rfe8 32. h4 Ne4 33. Bh3 Qe7 34. Re3
Kh8 35. Be6 Nxc5 36. Bxf7 Qxf7 37. dxc5 Kg8 38. e6 Qe7 39. Qc2 Rf8 40. Ref3 Qf6
41. e7 Qd4+ 42. Kh2 1-0

[Event "12. Süder Sommerpokal"]
[Site "Recklinghausen"]
[Date "2001.08.04"]
[Round "1"]
[White "Hoecker, Horst"]
[Black "Ritter, Uwe"]
[Result "0-1"]
[WhiteElo "1506"]
[BlackElo "2094"]
[PlyCount "42"]
[EventDate "2001.08.04"]

1. c4 c5 2. Nc3 Nf6 3. g3 d5 4. cxd5 Nxd5 5. Bg2 Nc7 6. Nf3 Nc6 7. O-O e5 8. d3
Be7 9. Be3 O-O 10. Rc1 Be6 11. b3 f6 12. Ne4 b6 13. Nfd2 Nd5 14. Nc4 Rc8 15.
Kh1 Qd7 16. f4 b5 17. Nxc5 Bxc5 18. Bxc5 bxc4 19. Bxf8 Ne3 20. Qe1 Nxg2 21.
Kxg2 Bh3+ 0-1

[Event "12. Süder Sommerpokal"]
[Site "Recklinghausen"]
[Date "2001.08.04"]
[Round "1"]
[White "Wagner, Ralf"]
[Black "König, Daniela"]
[Result "1-0"]
[WhiteElo "2089"]
[BlackElo "1492"]
[PlyCount "55"]
[EventDate "2001.08.04"]

1. e4 c5 2. Nf3 Nc6 3. Bb5 d6 4. h3 Bd7 5. c3 Nf6 6. d3 e6 7. O-O Be7 8. Re1
O-O 9. Ba4 Qa5 10. Bc2 Rac8 11. Nbd2 Qb6 12. Rb1 Qc7 13. Nf1 Be8 14. Bf4 a6 15.
Ne3 b5 16. Nh2 a5 17. Bg5 h6 18. Bh4 Nh7 19. Bxe7 Qxe7 20. f4 Qc7 21. Rf1 b4
22. Bb3 Nf6 23. Nhg4 Nxg4 24. Nxg4 Kh8 25. f5 Bd7 26. f6 Be8 27. Qd2 Ne5 28.
fxg7+ 1-0

[Event "12. Süder Sommerpokal"]
[Site "Recklinghausen"]
[Date "2001.08.04"]
[Round "1"]
[White "Rausch, Peter"]
[Black "Mittelbachert, Ulrich"]
[Result "1/2-1/2"]
[WhiteElo "1478"]
[BlackElo "2086"]
[PlyCount "55"]
[EventDate "2001.08.04"]

1. e4 c6 2. d4 g6 3. Nf3 Bg7 4. Be3 d5 5. e5 Bg4 6. Be2 e6 7. h3 Bxf3 8. Bxf3
Ne7 9. g4 c5 10. c3 Nec6 11. Qd2 h6 12. Na3 a6 13. Nc2 Nd7 14. O-O-O b5 15. Bg2
Qa5 16. Kb1 cxd4 17. Bxd4 Nxd4 18. Nxd4 Nxe5 19. Bxd5 O-O-O 20. Bb3 Nc4 21. Qe2
Bxd4 22. cxd4 Kb8 23. Bxc4 bxc4 24. Qxc4 Rd7 25. Rd3 Rc8 26. Rb3+ Rb7 27. Rxb7+
Kxb7 28. Qb3+ 1/2-1/2

[Event "12. Süder Sommerpokal"]
[Site "Recklinghausen"]
[Date "2001.08.04"]
[Round "1"]
[White "Große-Frintrop, Gerd"]
[Black "Lange, Hans-Werner"]
[Result "1-0"]
[WhiteElo "2084"]
[BlackElo "1472"]
[PlyCount "93"]
[EventDate "2001.08.04"]

1. d4 Nf6 2. c4 g6 3. f3 Bg7 4. e4 d6 5. Nc3 O-O 6. Be3 Nbd7 7. Qd2 e5 8. Nge2
a6 9. d5 Rb8 10. Rb1 Nh5 11. g4 Nhf6 12. Ng3 Nb6 13. h3 c6 14. c5 cxd5 15. cxb6
d4 16. Bg5 dxc3 17. bxc3 Be6 18. c4 Rc8 19. Qb4 Rc6 20. Rh2 Qc8 21. Rc2 Nd7 22.
Be3 Bf6 23. a4 Qd8 24. a5 Bh4 25. Bf2 Qf6 26. Qb3 Rfc8 27. Rd1 Qf4 28. Ne2
Bxf2+ 29. Kxf2 Qf6 30. Nc1 Nc5 31. Qe3 h5 32. g5 Nxe4+ 33. Qxe4 Qxg5 34. Rcd2
h4 35. Ne2 Bxc4 36. Qg4 Qh6 37. Rxd6 Be6 38. Qe4 Qg5 39. Rxc6 Rxc6 40. Qxc6
bxc6 41. b7 Bd5 42. b8=Q+ Kg7 43. f4 exf4 44. Qxf4 Qh5 45. Qg4 Qh6 46. Nf4 f5
47. Qxg6+ 1-0

[Event "12. Süder Sommerpokal"]
[Site "Recklinghausen"]
[Date "2001.08.04"]
[Round "1"]
[White "Arfert, Peter"]
[Black "Bischof, Rainer"]
[Result "0-1"]
[WhiteElo "1469"]
[BlackElo "2081"]
[PlyCount "94"]
[EventDate "2001.08.04"]

1. d4 d5 2. Bf4 g6 3. Nf3 Bg7 4. h3 Nf6 5. e3 O-O 6. Nbd2 b6 7. c3 Bb7 8. a4 a6
9. Be2 Nbd7 10. O-O Rc8 11. Bh2 Ne4 12. Nxe4 dxe4 13. Nd2 e5 14. Qb3 Kh8 15.
Bc4 Qe7 16. Rfd1 Rce8 17. Bd5 Bxd5 18. Qxd5 f5 19. Qb7 Nb8 20. Nc4 exd4 21.
exd4 f4 22. Re1 Qe6 23. Ne5 Bxe5 24. Rxe4 Qd7 25. dxe5 f3 26. g4 Re6 27. Rd4
Qg7 28. Rad1 Nc6 29. Rd7 Qh6 30. Qxc7 Qxh3 31. Rxh7+ Qxh7 32. Qxh7+ Kxh7 33.
Rd6 Rfe8 34. Bf4 Nxe5 35. Bxe5 Rxe5 36. Rxb6 R8e6 37. Rb7+ Kh6 38. Kh2 Kg5 39.
Kg3 Rf6 40. Rd7 Rf4 41. b4 Rxg4+ 42. Kxf3 Rf4+ 43. Kg2 Ref5 44. Rd2 a5 45. Rb2
Rg4+ 46. Kf1 axb4 47. cxb4 Rff4 0-1

[Event "12. Süder Sommerpokal"]
[Site "Recklinghausen"]
[Date "2001.08.04"]
[Round "1"]
[White "Czarnik, Josef"]
[Black "Jungbluth, Michael"]
[Result "1-0"]
[WhiteElo "2068"]
[BlackElo "1465"]
[PlyCount "59"]
[EventDate "2001.08.04"]

1. d4 Nf6 2. Nc3 d6 3. e4 g6 4. f3 Bg7 5. Be3 O-O 6. Qd2 Re8 7. O-O-O c6 8. g4
b5 9. h4 a5 10. h5 b4 11. Nce2 Be6 12. hxg6 fxg6 13. Ng3 Na6 14. Bh6 Bh8 15.
N1e2 Bf7 16. Bg5 c5 17. Bxf6 Bxf6 18. Qh6 cxd4 19. Qxh7+ Kf8 20. Nxd4 Qb6 21.
Qh6+ Kg8 22. Ngf5 gxf5 23. Nxf5 d5 24. g5 Bxb2+ 25. Kxb2 Qxh6 26. Rxh6 e6 27.
Nd6 Re7 28. Bxa6 Rxa6 29. e5 Kg7 30. Nf5+ 1-0

[Event "12. Süder Sommerpokal"]
[Site "Recklinghausen"]
[Date "2001.08.04"]
[Round "1"]
[White "Baumann, Ralf-Rüdiger"]
[Black "Hänisch, Jens"]
[Result "1-0"]
[WhiteElo "1460"]
[BlackElo "2057"]
[PlyCount "59"]
[EventDate "2001.08.04"]

1. e4 c5 2. Nf3 e6 3. d3 g6 4. g3 Bg7 5. Bg2 Ne7 6. O-O O-O 7. Re1 Nbc6 8. Nbd2
f5 9. e5 Nd5 10. Nc4 f4 11. Re4 fxg3 12. fxg3 Qc7 13. Qe2 b5 14. Ne3 Bb7 15.
Ng4 Rf5 16. Nh6+ Bxh6 17. Bxh6 c4 18. d4 a6 19. Rh4 c3 20. bxc3 Nxc3 21. Qd2
Ne7 22. Bg7 Kxg7 23. Qh6+ Kf7 24. Qxh7+ Ke8 25. Qg7 Rf8 26. Rh8 Rxh8 27. Qxh8+
Ng8 28. Qxg8+ Ke7 29. Qg7+ Kd8 30. Qf8# 1-0